000 00782nam a2200277Ia 4500
001 220
005 20240113233404.0
007 ta
008 050106s1995 a g b000 u asm u
040 _astack
041 _aasm
082 _a891.493B
_bBr 72 Ba
100 _aBrahma, Mohini Mohan .
245 0 _aBoro Kochary Solo /
_cMohini Mohan Brahma & Prafulla Dutta Goswami.
_hTextual Documents
250 _a1st ed /
260 _aKokrajhar(Assam) :
_bBodo publication Board ,
_c1995.
300 _a129p. :
_bill ;
_c22cm. .
500 _aThis book is written in Bodo language & translated from Assamese language
653 _aBodo Folktales
942 _2ddc
_cBK
999 _c220
_d220